| 000 | 00554nam a2200181Ia 4500 | ||
|---|---|---|---|
| 008 | 210719s1979 xx 000 0 und d | ||
| 020 | _a0070333467 | ||
| 041 | _aeng | ||
| 082 | _a658 KASO | ||
| 100 | _aKAST (Fremont E);ROSENZWEIG (James E) | ||
| 245 | _aOrganization and management: a systems and contingency approach Ed 3 | ||
| 250 | _a3 | ||
| 260 |
_aNy _bMcGraw Hill Book Co _c1979 |
||
| 300 |
_ax,644 _bHB |
||
| 365 | _cRs | ||
| 650 | _aManagement | ||
| 906 | _a3 ; a ; and ; approach ; contingency ; Ed ; management: ; Organization ; systems | ||
| 999 |
_c212435 _d212435 |
||